Les pays battues par la Belgique - Statistiques

Statistiques générales
  • Ce quiz a été pris 55 fois
    7 depuis la dernière actualisation
  • Le résultat moyen est 49 sur 77
Statistiques - réponses
Victoire(s) Pays % Correct
5 Allemagne
100%
2 Canada
100%
30 France
100%
41 Pays-Bas
100%
6 Portugal
100%
9 Suède
100%
15 Suisse
100%
1 Ukraine
100%
1 Albanie
86%
2 Algérie
86%
1 Argentine
86%
3 Autriche
86%
2 Brésil
86%
7 Danemark
86%
5 Espagne
86%
9 Estonie
86%
6 Etats-Unis
86%
4 Finlande
86%
9 Hongrie
86%
4 Italie
86%
2 Japon
86%
16 Luxembourg
86%
2 Maroc
86%
6 Norvège
86%
8 Pologne
86%
6 Roumanie
86%
6 Russie
86%
1 Slovaquie
86%
6 Angleterre
71%
1 Australie
71%
2 Biélorussie
71%
3 Bosnie-Herzégovine
71%
3 Croatie
71%
1 Egypte
71%
7 Israel
71%
5 Kazakhstan
71%
2 Lettonie
71%
3 Macédoine du Nord
71%
2 Mexique
71%
1 Panama
71%
4 République Tchèque
71%
8 Saint-Marin
71%
1 Slovénie
71%
2 Tunisie
71%
3 Turquie
71%
4 Andorre
57%
6 Bulgarie
57%
1 Colombie
57%
3 Corée du Sud
57%
3 Grèce
57%
6 Irlande
57%
13 Islande
57%
2 Liechtenstein
57%
1 Monténégro
57%
2 Uruguay
57%
2 Arabie Saoudite
43%
5 Arménie
43%
5 Azerbaidjan
43%
12 Chypre
43%
2 Costa-Rica
43%
13 Ecosse
43%
2 Gibraltar
43%
1 Paraguay
43%
9 Pays de Galles
43%
4 Serbie
43%
1 Burkina Faso
29%
1 Gabon
29%
1 Irak
29%
1 Irlande du Nord
29%
1 Qatar
29%
3 Allemagne de l'est
14%
4 Yougoslavie
14%
2 Iles Féroé
0%
2 Salvador
0%
3 Tchécoslovaquie
0%
1 URSS
0%
1 Zambie
0%
Aucun quiz correspondant
Distribution des résultats
% des personnes avec chaque résultat
Percentile par nombre de réponses
Votre historique - résultats
Vous n’avez pas pris ce quiz depuis la dernière actualisation